عرض عادي
عرض مارك
- Head and Neck Neoplasms
مدخل مصطلح موضوعي
001 - رقم الضبط
- حقل الضبط: 38289
003 - معرف رقم الضبط
- حقل الضبط: OSt
005 - تاريخ ووقت أخر عملية
- حقل الضبط: 20131026164621.0
008 - عناصر بيانات ثابتة الطول
- حقل تحكم ثابت الطول: 131026|||a|||||| | ||| d
040 ## - مصدر الفهرسة
- هيئة الفهرسة الأصلية: OSt
- وكالة الكتابة: OSt
150 ## - مدخل-- مصطلح تاريخي
- عنصر مدخل المصطلح الموضوعي او الاسم الجغرافي: Head and Neck Neoplasms
- تفريع عام: radiotherapy.
670 ## - بيانات المصدر موجوده
- الاستشهاد بالمصدر: Work cat.: (OSt)0: Practical essentials of intensity modulated radiation therapy /, c2005.
